Mixed Word: Geography Quiz Stats

Quiz Updated Oct 20, 2016

Also try: Geography Grab Bag
Challenge
Share
Tweet
Embed
Score 0/20 Timer 04:00
0 Plays Today
Mixed Word Word % Correct
RCIFAAAfrica
97.8%
UJFIFuji
97.7%
TATILANCAtlantic
97.7%
EWN NDEAAZLNew Zealand
95.9%
LIOSNLIIIllinois
94.9%
OONGIALMMongolia
94.2%
ETZLRSANDIWSwitzerland
91.6%
OMZANAAmazon
88.5%
RUNHOHuron
86.1%
VSEERETEverest
83.2%
Mixed Word Word % Correct
MABOLIOCColombia
82.1%
EIRANEARMNTEDMediterranean
77.4%
HOUAOahu
75.7%
SNANOLPIAAnnapolis
75.1%
TWLNSEOLEOYYellowstone
74.5%
COIARCairo
71.1%
ELBATARAlberta
69.5%
ULTAPEAPlateau
63.9%
OACXAAOaxaca
43.7%
APHNIISALOHispaniola
15.5%

You're not logged in!

Compare scores with friends on all Sporcle quizzes.
Join for Free
OR
Log In

You Might Also Like...

Show Comments

Extras

Top Quizzes Today


Score Distribution

Your Account Isn't Verified!

In order to create a playlist on Sporcle, you need to verify the email address you used during registration. Go to your Sporcle Settings to finish the process.

Report this User

Report this user for behavior that violates our Community Guidelines.

Details: